LEADER 02207oam 2200577M 450 001 9910715728503321 005 20191123063220.1 035 $a(CKB)5470000002514792 035 $a(OCoLC)1065969306 035 $a(OCoLC)995470000002514792 035 $a(EXLCZ)995470000002514792 100 $a20070221d1852 ua 0 101 0 $aeng 135 $aurcn||||||||| 181 $ctxt$2rdacontent 182 $cc$2rdamedia 183 $acr$2rdacarrier 200 10$aIsland of Cuba. Message from the President of the United States, in reference to the island of Cuba. August 31, 1852. -- Laid upon the table, and ordered to be printed 210 1$a[Washington, D.C.] :$c[publisher not identified],$d1852. 215 $a1 online resource (59 pages) 225 1 $aEx. doc. / 32nd Congress, 1st session. House ;$vno. 121 225 1 $a[United States congressional serial set ] ;$v[serial no. 648] 300 $aBatch processed record: Metadata reviewed, not verified. Some fields updated by batch processes. 300 $aFDLP item number not assigned. 606 $aAnnexation (International law) 606 $aConfidential communications 606 $aDiplomacy 606 $aDiplomatic documents 606 $aInternational relations 606 $aImperialism 606 $aTerritories and possessions 607 $aSpain$xTerritories and possessions 608 $aLegislative materials.$2lcgft 615 0$aAnnexation (International law) 615 0$aConfidential communications. 615 0$aDiplomacy. 615 0$aDiplomatic documents. 615 0$aInternational relations. 615 0$aImperialism. 615 0$aTerritories and possessions. 701 $aFillmore$b Millard$f1800-1874.$01391306 712 02$aUnited States.$bPresident (1850-1853 : Fillmore) 712 02$aUnited States.$bDepartment of State. 801 0$bWYU 801 1$bWYU 801 2$bOCLCO 801 2$bOCLCQ 906 $aBOOK 912 $a9910715728503321 996 $aIsland of Cuba. Message from the President of the United States, in reference to the island of Cuba. August 31, 1852. -- Laid upon the table, and ordered to be printed$93541216 997 $aUNINA LEADER 04821oam 2200637 450 001 9910153209703321 005 20190911103516.0 010 $a9781522509035$belectronic 010 $z9781522509028$bprint 024 7 $a10.4018/978-1-5225-0902-8 035 $a(OCoLC)967028513 035 $a(MiFhGG)GVRL00AD 035 $a(EXLCZ)993710000000960578 100 $a20160810h20172017 uy 0 101 0 $aeng 135 $aurun|---uuuua 181 $2rdacontent 182 $2rdamedia 183 $2rdacarrier 200 00$aBusiness analytics and cyber security management in organizations /$fRajagopal and Ramesh Behl, editors 210 1$aHershey, PA :$cBusiness Science Reference,$d[2017] 210 4$d?2017 215 $a1 online resource (xxi, 345 pages) $cillustrations (some color) 225 1 $aAdvances in Business Information Systems and Analytics (ABISA) Book Series,$x2327-3283 300 $a"Premier reference source"--Cover. 311 $a1-5225-0902-X 320 $aIncludes bibliographical references and index. 327 $aCompeting on performance on the global marketplace: applying business analytics as a robust decision tool / Rajagopal -- Cyber security and business growth / Akanksha Sharma, Prashant Tandekar -- Perception and intention of youth's towards online shopping: an empirical assessment / Ajitabh Dash -- A readiness index for marketing analytics: a resource-based view conceptualization for the implementation stage / Pa?vel Reyes-Mercado -- Globalization, innovation, and marketing philosophy: a critical assessment of role of technology in defining new dimensions / Sandeep Kumar Mohanty -- Services trade in emerging market economies / Raju Mandal, Hiranya K. Nath -- Consumer impetuosity in m-commerce: designing scale to measure the shopping behavior / Natasha Patricia Bojorges Moctezuma -- Germany's external trade development: a case of the German automotive industry / Alexander Schu?lke [and 3 others] -- Assessing the determinants of adoption of m-banking by students: a study using an extended TAM model / Gazal Punyani, Sourabh Sharma -- Customer perception and behavioral intention to use biometric-enabled e-banking services in India / Siddharth Varma, Ruchika Gupta -- Interplay of technology and customer value dynamics in banking industry: analytical construct for measuring growth and performance / Rajagopal, Ananya Rajagopal -- Corporate social responsibility and corporate governance: analysis across industries in Mexico / Andre?e Marie Lo?pez-Ferna?ndez -- 327 $aBuilding brands in emerging economies: a consumer-oriented approach / Sandra Nunez, Raquel Castan?o -- Training effectiveness: a perspective of engaged vs. disengaged employees / Snigdha Mohapatra, Pravat Kumar Mohanty -- Role of consumer knowledge in developing purchase intentions and driving services efficiency across marketing channels in Mexico / Rajagopal -- Moderating role of demands: abilities fit in the relationship between work role stressors and employee outcomes / Bindu Chhabra -- A discussion on Indian consumers' hedonic and non-hedonic values / Manit Mishra -- Key performance indicators for the organized farm products retailing in India / Rajwinder Singh, Ajit Pal Singh, Bhimaraya A. Metri -- Incidence of green accounting on competitiveness: empirical evidences from mining and quarrying sector / Ramakrushna Panigrahi -- Moderating role of demographics on attitude towards organic food purchase behavior: a study on Indian consumers / Arpita Khare. 330 3 $a"This book compiles innovative research from international professionals discussing the opportunities and challenges of the new era of online business and outlining updated discourse for business analytics techniques, strategies for data storage, and encryption in emerging markets"--Provided by publisher. 410 0$aAdvances in business information systems and analytics (ABISA) book series. 606 $aBusiness intelligence 606 $aElectronic commerce 606 $aCyberspace$xSecurity measures 610 $aAnt colony optimization 610 $aBrand building 610 $aBusiness growth 610 $aExternal trade development 610 $aGreen accounting 610 $aM-banking 610 $aM-commerce 610 $aRobust decision tools 610 $aServices trade 615 0$aBusiness intelligence. 615 0$aElectronic commerce. 615 0$aCyberspace$xSecurity measures. 676 $a658/.05 700 $aRajagopal$f1957-$0874431 702 $aRajagopal$f1957- 702 $aBehl$b Ramesh 801 0$bMiFhGG 801 1$bMiFhGG 906 $aBOOK 912 $a9910153209703321 996 $aBusiness analytics and cyber security management in organizations$92827011 997 $aUNINA